Syariat Islam di Indonesia pemikiran dan gerakan perjuangan Umat Islam pasca orde baru /
محفوظ في:
| المؤلف الرئيسي: | |
|---|---|
| التنسيق: | أطروحة |
| منشور في: |
Jakarta :
Universitas Islam Negeri (UIN) Syarif Hidayatullah,
2004
|
| الموضوعات: | |
| الوسوم: |
إضافة وسم
لا توجد وسوم, كن أول من يضع وسما على هذه التسجيلة!
|
| LEADER | 012840000a22002890004500 | ||
|---|---|---|---|
| 001 | 485780 | ||
| 005 | 20230419152826.0 | ||
| 035 | |a (Sirsi) 485780 | ||
| 040 | |a UIAM |b eng |e rda | ||
| 050 | 0 | |a BP63.I5 | |
| 100 | 1 | |a Masykur, Fuad, |e author |9 90807 | |
| 245 | 1 | 0 | |a Syariat Islam di Indonesia pemikiran dan gerakan perjuangan Umat Islam pasca orde baru / |c oleh Fuad Masykur |
| 264 | 1 | |a Jakarta : |b Universitas Islam Negeri (UIN) Syarif Hidayatullah, |c 2004 | |
| 300 | |a 172 leaves ; |c 30 cm. | ||
| 336 | |2 rdacontent |a text | ||
| 337 | |2 rdamedia |a unmediated | ||
| 338 | |2 rdacarrier |a volume | ||
| 500 | |a "Tesis diajukan guna memenuhi syarat memperoleh Gelar Magister dalam Hukum Islam pada konsentrasi bidang syari'ah Program Pascasarjana Universitas Islam Negeri Syarif Hidayatullah Jakarta."--On title page. | ||
| 502 | |a Tesis (MA)--Universitas Islam Negeri Syarif Hidayatullah, 2004. | ||
| 504 | |a Includes bibliographical references (leaves 163-172). | ||
| 546 | |a In Indonesian. | ||
| 650 | 0 | |a Islam |z Indonesia |9 5079 | |
| 655 | 0 | 7 | |a Theses, non-IIUM |
| 900 | |a hj-zhmn-amr-naw | ||
| 942 | |2 lcc |n 0 | ||
| 999 | |c 433979 |d 465287 | ||
| 952 | |0 0 |6 TI BP 63 I5 M424S 2004 |7 0 |8 THESES |9 752663 |a IIUM |b IIUM |c MULTIMEDIA |g 191.20 |o ti BP 63 I5 M424S 2004 |p 00011169878 |r 2017-10-23 |t 1 |v 191.20 |y THESIS | ||
